Normal view
MARC view
- الأدب العربي - مسرح - مقالات
Entry Topical Term
001 - CONTROL NUMBER
- control field: 18191
003 - CONTROL NUMBER IDENTIFIER
- control field: JO-AjAnu
005 - DATE AND TIME OF LATEST TRANSACTION
- control field: 20230606073211.0
008 - FIXED-LENGTH DATA ELEMENTS
- fixed length control field: 230606|| aca||aabn | a|a d
040 ## - CATALOGING SOURCE
- Original cataloging agency: JO-AjAnu
- Transcribing agency: JO-AjAnu
150 ## - HEADING--TOPICAL TERM
- Topical term or geographic name entry element: الأدب العربي - مسرح - مقالات
670 ## - SOURCE DATA FOUND
- Source citation: Work cat.: (JO-AjAnu)9338: وهبة،سعد الدين ؛ إعداد وتقديم الأمير أباظة, author 18190, مقالاتي في المسرح